000 007170000a22002050004500
008 081031t xxu||||| |||| 00| 0 eng d
010 _aENG-84372
020 _a8178802236
020 _c750.00 (hb)
035 _aEN-67905
082 _a371.2 / RAM
100 _aRamanna, R K
245 _aWorld educational administration systems /
_cby R K Ramanna
260 _aNew Delhi
_bRajat Publications
260 _c2006
300 _a293p
_c22cm
500 _aIncludes bibliographical references and index
942 _2ddc
_cEN
_h371.2
_mRAM
999 _c17706
_d17706